000 00923nam a2200265 i 4500
001 bg
245 0 0 _aInżynieria ruchu morskiego :
_bX Międzynarodowa Konferencja Naukowo-Techniczna /
_cWyższa Szkoła Morska w Szczecinie. Instytut Inżynierii Ruchu Morskiego [et al.].
260 _aSzczecin :
_bWSM,
_c2003.
300 _a343 s. :
_bil. ;
_c24 cm.
500 _aTekst częśc. ang. Streszcz. pol. i ang.
504 _aBibliogr przy ref.
650 9 _aNawigacja
650 9 _aTransport morski
_xbezpieczeństwo
650 9 _aŻegluga
_xbezpieczeństwo
650 9 _aInżynieria morska
655 _aMateriały konferencyjne
710 0 _aWyższa Szkoła Morska (Szczecin)
_bInstytut Inżynierii Ruchu Morskiego
020 _a8386494905
040 _cBPK
041 0 _apoleng
_bpoleng
080 _a629.5:656.61](061)
920 _a83-86494-90-5
942 _cKS
008 s pl f |000 0 pol
999 _c44497
_d44497
856 _uhttp://koha.tu.koszalin.pl/cgi-bin/koha/opac-detail.pl?biblionumber=44497
_yKatalog online BPK